Радиогеохимическая характеристика углей Монголии; Радиоактивность и радиоактивные элементы в среде обитания человека

Бібліографічні деталі
Parent link:Радиоактивность и радиоактивные элементы в среде обитания человека.— 2009.— С. 345-348
Автор: Машенькин В. С.
Інші автори: Арбузов С. И. Сергей Иванович, Рихванов Л. П. Леонид Петрович
Мова:Російська
Опубліковано: 2009
Предмети:
Формат: Частина з книги
KOHA link:https://koha.lib.tpu.ru/cgi-bin/koha/opac-detail.pl?biblionumber=175419

MARC

LEADER 00000naa2a2200000 4500
001 175419
005 20231222144649.0
035 |a (RuTPU)RU\TPU\book\190205 
090 |a 175419 
100 |a 20100212d2009 k y0rusy50 ca 
101 0 |a rus 
102 |a RU 
200 1 |a Радиогеохимическая характеристика углей Монголии  |f В. С. Машенькин, С. И. Арбузов, Л. П. Рихванов 
320 |a Библиогр.: 3 назв. 
463 0 |0 (RuTPU)RU\TPU\book\187178  |y 5-93629-358-0  |t Радиоактивность и радиоактивные элементы в среде обитания человека  |o материалы III Международной конференции, Томск, 23-27 июня 2009 г.  |f Томский политехнический университет (ТПУ); Российская академия наук (РАН), Сибирское отделение (СО), Институт геологии и минералогии ; Томская область, Администрация; под ред. Л. П. Рихванова  |v С. 345-348  |d 2009  |p 754 с. 
610 1 |a уголь 
610 1 |a Монголия 
610 1 |a радиогеохимия 
610 1 |a месторождения 
610 1 |a разведка 
610 1 |a исследования 
610 1 |a труды учёных тПУ 
700 1 |a Машенькин  |b В. С. 
701 1 |a Арбузов  |b С. И.  |c российский геолог и геохимик  |c профессор Томского политехнического университета, доктор геолого-минералогических наук  |f 1959-  |g Сергей Иванович  |3 (RuTPU)RU\TPU\pers\24710  |4 070  |9 10962 
701 1 |a Рихванов  |b Л. П.  |c российский ученый, геолог  |c профессор Томского политехнического университета, доктор геолого-минералогических наук  |c заслуженный геолог РФ  |c почетный работник высшего образования РФ  |f 1945-  |g Леонид Петрович  |3 (RuTPU)RU\TPU\pers\23187  |4 070 
801 1 |a RU  |b 63413507  |c 20100212 
801 2 |a RU  |b 63413507  |c 20150408  |g RCR 
942 |c BK